=LDR 00000nam 2200000 4500 =001 INLIS000000000016118 =005 20211122074733 =035 ##$$a 0010-061300000016118 =008 211122################g##########0#ind## =041 ##$$a Ind =082 ##$$a 297.431 7 =090 ##$$a 2x4.3, Att p =100 ##$$a AlAtthar, Abdul Nasir Taufiq =245 1#$$a Polygami : $b Diitinjau dari segi agama, sosial, dan perundang-undangan /$c Dr. Abdul Nasir Taufiq Al-Attahar;Alih bahasa, Dra. Chadidjah nasional =260 ##$$a Jakarta :$b Bulan bintang,$c [Sa] =300 ##$$a 342 hlm ; $c 13,5 x 19,5 cm =650 #4$$a Hukum perkawinan - Poligami =850 ##$$a NBPNMAT =084 ##$$a 297.431 7 ALA p =990 ##$$a 273/pro- 82 =990 ##$$a 31713171